• 首页
  • 本馆介绍
  • 公告通知
  • 最新文献
  • 馆藏检索
  • 电子资源
  • 读者导购
  • 参考咨询
  • 我的图书馆
  • 登录
  • 详细信息显示
  • 放入我的书架
  • 预约/预借图书
  • 作者相关作品
  • 分类相关作品
  • 丛书相关作品
  • 出版社相关作品

书目信息

  • 表格格式
  • 工作单格式
  • 卡片格式
书名: Curriculum
作者: Allan C. Ornstein, Francis P. Hunkins = 课程论 : 基础、原理和问题 / 艾伦·C·奥恩斯坦, 弗兰西斯·P·汉金斯著.
分册号:
分册名:
出版地: 北京 :
 
出版社: 中国人民大学出版社
出版时间: 2010.
页数: vii, 344 p. :
开本: 26 cm.
丛书名:
中图分类号:
科图分类号:
其他分类号: G423
主题词:
电子资源:
000 01276cam a2200361 a 4500
001 E1457002961
005 20140402155116.21
008 100128r20102009cc a b 001 0 eng d
020    @a9787300115900 (pbk.) :@cCNY36.00.
040    @aRUC@cRUC@dWUL
041 0  @aeng@bchi@fchi
043    @an-us---
050  4 @aLB2806.15@b.O76
082 04 @a375/.0010973 @2 22
090    @aG423/X4
092    @aCN@b华现10-004-492
093    @aG571.2 @2 4
093    @aG423 @2 4
099    @dG423@ex39
100 1  @aOrnstein, Allan C.
245 10 @aCurriculum :@bfoundations, principles, and issues / @cAllan C. Ornstein, Francis P. Hunkins = 课程论 : 基础、原理和问题 / 艾伦·C·奥恩斯坦, 弗兰西斯·P·汉金斯著.
246 31 @a课程论 :@b基础、原理和问题
250    @a5th ed.
260    @a北京 :@b中国人民大学出版社 :@bPearson Education Asia Ltd.,@c2010.
300    @avii, 344 p. :@bill. ;@c26 cm.
490 0  @a教育学经典教材·英文影印版
504    @aIncludes bibliographical references and indexes.
534    @pReprint. Originally published:@cBoston : Pearson, c2009.@b5th ed.@z9780205592579.
650  0 @aCurriculum planning@zUnited States.
650  0 @aCurriculum evaluation@zUnited States.
650 0  @a教学理论
700 1  @aHunkins, Francis P.
920    @a232010@z2
    
    Curriculum : : foundations, principles, and issues / / Allan C. Ornstein, Francis P. Hunkins = 课程论 : 基础、原理和问题 / 艾伦·C·奥恩斯坦, 弗兰西斯·P·汉金斯著.-5th ed.-北京 : : 中国人民大学出版社 : : Pearson Education Asia Ltd., , 2010.
    vii, 344 p. : : ill. ; ; 26 cm.- (教育学经典教材·英文影印版)
    Includes bibliographical references and indexes.
    
    ISBN 9787300115900 (pbk.) :CNY36.00.
    
●
相关链接 在E读中查询图书 在五车中查询图书 在当当中查询图书 在豆瓣中查询图书


正题名:Curriculum     索取号:G423/x39         预约/预借

序号 登录号 条形码 馆藏地/架位号 状态 备注
1 0018050   300180505   第二样本阅览室/ [索取号:G423/x39] 在馆    
2 0018051   300180514   第四借阅区/ [索取号:G423/x39] 在馆    
唐山师范学院图书馆 欢迎您!
大连网信软件有限公司© 版权所有